[Event "Monaco Sulava Memorial 1st"]
[Site "Monte Carlo"]
[Date "2019.11.29"]
[Round "6"]
[White "Genzling, Alain"]
[Black "Lo Iacono, Sebastien"]
[Result "1-0"]
[WhiteElo "2387"]
[BlackElo "2023"]
[PlyCount "61"]
[EventDate "2019.11.29"]
[EventType "swiss"]
[EventRounds "9"]
[EventCountry "MNC"]
[SourceTitle "CBM 193 Extra"]
[Source "ChessBase"]
[SourceDate "2020.01.31"]
[SourceVersion "1"]
[SourceVersionDate "2020.01.31"]
[SourceQuality "1"]

1. e4 c5 2. Nf3 Nc6 3. Nc3 g6 4. d4 cxd4 5. Nxd4 Bg7 6. Nde2 Nf6 7. g3 0-0 8. Bg2 d6 9. h3 a5 10. a4 Bd7 11. 0-0 Rc8 12. Be3 Nb4 13. Nd4 Qc7 14. Rc1 Qc4 15. Re1 Na2 16. Nxa2 Qxa2 17. b3 Qb2 18. c4 Qa3 19. Qd2 Ne8 20. Ra1 Qb4 21. Qxb4 axb4 22. Rad1 Nc7 23. f4 Ne6 24. Nxe6 fxe6 25. e5 Bc6 26. exd6 Bxg2 27. dxe7 Rfe8 28. Kxg2 Rxe7 29. Bd4 Bxd4 30. Rxd4 Kf7 31. Re5 1-0

[Event "Monaco Sulava Memorial 1st"]
[Site "Monte Carlo"]
[Date "2019.11.29"]
[Round "2"]
[White "Genzling, Alain"]
[Black "Zvereva, Marija"]
[Result "1-0"]
[WhiteElo "2387"]
[BlackElo "2133"]
[PlyCount "71"]
[EventDate "2019.11.29"]
[EventType "swiss"]
[EventRounds "9"]
[EventCountry "MNC"]
[SourceTitle "CBM 193 Extra"]
[Source "ChessBase"]
[SourceDate "2020.01.31"]
[SourceVersion "1"]
[SourceVersionDate "2020.01.31"]
[SourceQuality "1"]

1. e4 c5 2. Nf3 Nc6 3. Nc3 g6 4. d4 cxd4 5. Nxd4 Bg7 6. Nde2 a6 7. a4 e5 8. g3 d6 9. h3 Nge7 10. Bg2 0-0 11. Bg5 h6 12. Be3 f5 13. Qd2 Kh7 14. Rd1 Nb4 15. Bc5 dxc5 16. Qxd8 Rxd8 17. Rxd8 Nxc2+ 18. Kd2 Nd4 19. Nxd4 cxd4 20. Nd5 Nc6 21. Re8 Rb8 22. Nb6 Bd7 23. Rxb8 Nxb8 24. Nxd7 Nxd7 25. exf5 gxf5 26. Bxb7 Nc5 27. Bc6 e4 28. b4 Ne6 29. Bd7 Ng5 30. Bxf5+ Kg8 31. Bg4 Be5 32. h4 Nh7 33. Bf5 Nf6 34. Re1 Bd6 35. Rb1 Ne8 36. Bxe4 1-0

[Event "Monaco Sulava Memorial 1st"]
[Site "Monte Carlo"]
[Date "2019.11.29"]
[Round "7"]
[White "Podvin, Francois Xavier"]
[Black "Genzling, Alain"]
[Result "1-0"]
[WhiteElo "2180"]
[BlackElo "2387"]
[PlyCount "67"]
[EventDate "2019.11.29"]
[EventType "swiss"]
[EventRounds "9"]
[EventCountry "MNC"]
[SourceTitle "CBM 193 Extra"]
[Source "ChessBase"]
[SourceDate "2020.01.31"]
[SourceVersion "1"]
[SourceVersionDate "2020.01.31"]
[SourceQuality "1"]

1. e4 c5 2. Nf3 Nc6 3. d4 cxd4 4. Nxd4 g6 5. c4 Nf6 6. Nc3 Nxd4 7. Qxd4 d6 8. Be2 Bg7 9. Be3 0-0 10. Qd2 a5 11. f3 a4 12. 0-0 Qa5 13. Rfc1 Be6 14. Rab1 Rfc8 15. Nd5 Qxd2 16. Bxd2 Nxd5 17. cxd5 Bd7 18. Bc3 Bh6 19. Rc2 Be3+ 20. Kf1 Rc7 21. Bd3 Rac8 22. Ke2 Bh6 23. Kd1 b5 24. a3 e6 25. dxe6 Bxe6 26. Re2 Bc4 27. Bxc4 Rxc4 28. Ke1 R8c5 29. Rd1 Rc6 30. e5 Bg7 31. exd6 Bxc3+ 32. bxc3 Rc8 33. d7 Rf8 34. Re8 1-0

[Event "FRA-chT Top 12"]
[Site "Brest"]
[Date "2019.05.25"]
[Round "8.7"]
[White "Iglesias, Yosha"]
[Black "Genzling, Alain"]
[Result "1/2-1/2"]
[WhiteElo "2276"]
[BlackElo "2376"]
[PlyCount "68"]
[EventDate "2019.05.18"]
[EventType "team-tourn"]
[EventRounds "11"]
[EventCountry "FRA"]
[SourceTitle "CBM 190 Extra"]
[Source "ChessBase"]
[SourceDate "2019.07.15"]
[SourceVersion "1"]
[SourceVersionDate "2019.07.15"]
[SourceQuality "1"]
[WhiteTeam "Vandoeuvre"]
[BlackTeam "Cannes"]
[WhiteTeamCountry "FRA"]
[BlackTeamCountry "FRA"]

1. Nf3 c5 2. c4 Nc6 3. b3 Nf6 4. Bb2 e6 5. e3 Be7 6. Be2 0-0 7. 0-0 b6 8. d3 d5 9. cxd5 Nxd5 10. a3 Bf6 11. Qc2 Bb7 12. Nbd2 Qe7 13. Rfe1 Bxb2 14. Qxb2 e5 15. Rac1 Rfe8 16. Bd1 Rad8 17. Bc2 f5 18. b4 cxb4 19. Ba4 Qf6 20. Bxc6 Bxc6 21. axb4 Bb5 22. d4 e4 23. Ne5 Qd6 24. Qa2 Re7 25. Ndc4 Qxb4 26. Na3 Be8 27. Re2 Bf7 28. Nc6 Rc7 29. Qa1 Rdc8 30. Rec2 Qf8 31. Nb5 Rd7 32. Ne5 Rxc2 33. Rxc2 Rd8 34. Nxa7 Ra8 1/2-1/2

[Event "Espalion op 2nd"]
[Site "Espalion"]
[Date "2017.07.21"]
[Round "8"]
[White "Genzling, Alain"]
[Black "Flear, Glenn C"]
[Result "1/2-1/2"]
[WhiteElo "2381"]
[BlackElo "2455"]
[PlyCount "108"]
[EventDate "2017.07.15"]
[EventType "swiss"]
[EventRounds "9"]
[EventCountry "FRA"]
[SourceTitle "CBM 179 Extra"]
[Source "ChessBase"]
[SourceDate "2017.08.23"]
[SourceVersion "1"]
[SourceVersionDate "2017.08.23"]
[SourceQuality "1"]

1. e4 e5 2. Bc4 Nf6 3. d3 Nc6 4. Nc3 Na5 5. Bb3 Nxb3 6. axb3 Be7 7. Nf3 d6 8. h3 0-0 9. 0-0 c6 10. d4 Qc7 11. Be3 a6 12. Qe2 Re8 13. Rad1 b5 14. dxe5 dxe5 15. Nh2 Be6 16. Qf3 a5 17. Ra1 b4 18. Nb1 c5 19. Nd2 c4 20. bxc4 Bxc4 21. Rfc1 a4 22. Nxc4 Qxc4 23. Rxa4 Rxa4 24. b3 Qa6 25. bxa4 Qxa4 26. Ng4 Nxg4 27. Qxg4 g6 28. Qe2 Rc8 29. Kh2 h5 30. Qd1 Rc4 31. Ra1 Qc6 32. Ra7 Bf6 33. Qa1 Bg7 34. Ra8+ Kh7 35. Qa7 Qc7 36. Qxc7 Rxc7 37. Rb8 Rxc2 38. Rxb4 Bh6 39. Bxh6 Kxh6 40. Kg1 h4 41. Rb7 f6 42. Rb3 Re2 43. Rb4 Kg5 44. Kf1 Ra2 45. Rb3 Ra1+ 46. Ke2 Rg1 47. Kf3 f5 48. exf5 gxf5 49. Rb8 e4+ 50. Ke2 f4 51. Rg8+ Kf5 52. Rf8+ Ke5 53. Re8+ Kd5 54. Rd8+ Ke5 1/2-1/2

[Event "Espalion op 2nd"]
[Site "Espalion"]
[Date "2017.07.20"]
[Round "7"]
[White "Daulyte Cornette, Deimante"]
[Black "Genzling, Alain"]
[Result "0-1"]
[WhiteElo "2419"]
[BlackElo "2381"]
[PlyCount "98"]
[EventDate "2017.07.15"]
[EventType "swiss"]
[EventRounds "9"]
[EventCountry "FRA"]
[SourceTitle "CBM 179 Extra"]
[Source "ChessBase"]
[SourceDate "2017.08.23"]
[SourceVersion "1"]
[SourceVersionDate "2017.08.23"]
[SourceQuality "1"]

1. e4 c6 2. d4 d5 3. exd5 cxd5 4. Bd3 Nc6 5. c3 g6 6. Bf4 Bg7 7. Nf3 f6 8. 0-0 Bg4 9. Re1 Qd7 10. b4 Nh6 11. Nbd2 0-0 12. h3 Bf5 13. Bf1 Nf7 14. Nb3 e5 15. dxe5 fxe5 16. Nc5 Qc8 17. Bg3 e4 18. Nd4 Nxd4 19. cxd4 b6 20. Ba6 Qe8 21. Na4 Bc8 22. Bf1 Qe7 23. a3 Qf6 24. Qb3 Bb7 25. Rad1 h5 26. Nc3 h4 27. Bh2 Rad8 28. Qa2 Kh7 29. Be2 Nh6 30. Rf1 Qg5 31. Qd2 Qxd2 32. Rxd2 Nf5 33. Rfd1 e3 34. fxe3 Nxe3 35. Re1 Rc8 36. Nb5 Rc2 37. Rxc2 Nxc2 38. Rd1 Ba6 39. Rd2 Nxa3 40. Nc3 Nb1 41. Bxa6 Nxd2 42. Nxd5 Bxd4+ 43. Kh1 Ne4 44. Bc7 Rf5 45. Ne7 Rf7 46. Nd5 Rd7 47. Bc4 b5 48. Ba2 Nc3 49. Nxc3 Bxc3 0-1

[Event "Oberliga Baden 1617"]
[Site "Baden"]
[Date "2016.10.16"]
[Round "1.8"]
[White "Scheffler, Nico"]
[Black "Genzling, Alain"]
[Result "0-1"]
[WhiteElo "1814"]
[BlackElo "2376"]
[PlyCount "56"]
[EventDate "2016.10.16"]
[EventType "team-tourn"]
[EventRounds "9"]
[EventCountry "GER"]
[SourceTitle "EXT 2018"]
[Source "ChessBase"]
[SourceDate "2017.10.13"]
[SourceVersion "1"]
[SourceVersionDate "2017.10.13"]
[SourceQuality "1"]
[WhiteTeam "Dreisamtal"]
[BlackTeam "Baden-Baden II"]
[WhiteTeamCountry "GER"]
[BlackTeamCountry "GER"]

1. d4 d5 2. c4 e6 3. Nc3 c6 4. Nf3 f5 5. e3 Bd6 6. Be2 Nh6 7. 0-0 Nd7 8. e4 fxe4 9. Ng5 Nf6 10. f3 exf3 11. Bxf3 0-0 12. Re1 dxc4 13. Qe2 Qc7 14. Nxe6 Bxh2+ 15. Kh1 Bxe6 16. Qxe6+ Kh8 17. Bxh6 gxh6 18. d5 Bg3 19. Re2 cxd5 20. Nxd5 Nxd5 21. Qxd5 Rf4 22. Re4 Rd8 23. Qe6 Qg7 24. Rxf4 Bxf4 25. Rd1 Rf8 26. Qd7 Qg5 27. Bg4 Qh4+ 28. Bh3 Qg3 0-1

[Event "Oberliga Baden 1516"]
[Site "Baden"]
[Date "2016.03.13"]
[Round "8.2"]
[White "Reinhart, Emmanuel"]
[Black "Genzling, Alain"]
[Result "1-0"]
[WhiteElo "2349"]
[BlackElo "2383"]
[PlyCount "105"]
[EventDate "2015.09.20"]
[EventType "team-tourn"]
[EventRounds "9"]
[EventCountry "GER"]
[SourceTitle "EXT 2018"]
[Source "ChessBase"]
[SourceDate "2017.10.13"]
[SourceVersion "1"]
[SourceVersionDate "2017.10.13"]
[SourceQuality "1"]
[WhiteTeam "Oberwinden"]
[BlackTeam "Baden-Baden III"]
[WhiteTeamCountry "GER"]
[BlackTeamCountry "GER"]

1. e4 c5 2. Nf3 Nc6 3. d4 cxd4 4. Nxd4 g6 5. c4 Nf6 6. Nc3 Nxd4 7. Qxd4 d6 8. Be2 Bg7 9. Be3 0-0 10. Qd2 a5 11. 0-0 a4 12. f3 Qa5 13. Rac1 Be6 14. Nd5 Bxd5 15. Qxa5 Rxa5 16. cxd5 Nd7 17. Rc7 Nc5 18. Rb1 Bf6 19. Kf1 Rb8 20. b4 axb3 21. axb3 Ra3 22. Bxc5 dxc5 23. Rxc5 Rba8 24. f4 Bd4 25. Rc2 Ra1 26. Rd1 b6 27. Bf3 Rxd1+ 28. Bxd1 Ra1 29. Ke2 Bc5 30. Rc4 f6 31. e5 fxe5 32. fxe5 Ra2+ 33. Bc2 Bg1 34. Kf3 Bxh2 35. g3 Bg1 36. b4 Ra3+ 37. Kg2 Be3 38. Be4 Bg5 39. d6 exd6 40. exd6 Ra2+ 41. Kf3 Rd2 42. Rc6 Bd8 43. Bc2 Kf7 44. Ke3 Bg5+ 45. Ke4 Re2+ 46. Kd5 Kf6 47. Rc3 Re3 48. Rxe3 Bxe3 49. Kc6 Ke5 50. d7 Bg5 51. Kc7 Kd4 52. Kxb6 Kc3 53. b5 1-0

[Event "Oberliga Baden 1516"]
[Site "Baden"]
[Date "2016.02.21"]
[Round "7.3"]
[White "Dobosz, Henryk"]
[Black "Genzling, Alain"]
[Result "1/2-1/2"]
[WhiteElo "2389"]
[BlackElo "2383"]
[PlyCount "76"]
[EventDate "2015.09.20"]
[EventType "team-tourn"]
[EventRounds "9"]
[EventCountry "GER"]
[SourceTitle "EXT 2018"]
[Source "ChessBase"]
[SourceDate "2017.10.13"]
[SourceVersion "1"]
[SourceVersionDate "2017.10.13"]
[SourceQuality "1"]
[WhiteTeam "Buchen"]
[BlackTeam "Baden-Baden III"]
[WhiteTeamCountry "GER"]
[BlackTeamCountry "GER"]

1. d4 d5 2. Nf3 Nf6 3. c4 c6 4. cxd5 cxd5 5. Nc3 Nc6 6. Bf4 a6 7. e3 e6 8. Bd3 Be7 9. Ne5 Nxe5 10. Bxe5 Bd7 11. 0-0 Bc6 12. Qf3 0-0 13. g4 g6 14. Rfd1 b5 15. Rac1 Rc8 16. Rc2 Bb7 17. Rdc1 Nd7 18. Bg3 Nb6 19. Nb1 Rxc2 20. Rxc2 Nc4 21. Qd1 f5 22. Nd2 Bg5 23. gxf5 Nxd2 24. Qxd2 exf5 25. Rc7 Rf7 26. Qc3 Rxc7 27. Qxc7 Qxc7 28. Bxc7 Be7 29. a3 Kf7 30. Kg2 Ke6 31. f4 b4 32. axb4 Bxb4 33. Kf2 Kd7 34. Bb6 Kc6 35. Bd8 Kd7 36. Bb6 Kc6 37. Bd8 Bd2 38. Ke2 Bb4 1/2-1/2

[Event "London Classic rapid op 7th"]
[Site "London"]
[Date "2015.12.13"]
[Round "7"]
[White "Williams, Simon Kim"]
[Black "Genzling, Alain"]
[Result "1-0"]
[WhiteElo "2439"]
[BlackElo "2386"]
[PlyCount "57"]
[EventDate "2015.12.12"]
[EventType "swiss (rapid)"]
[EventRounds "10"]
[EventCountry "ENG"]
[SourceTitle "CBM 169 Extra"]
[Source "ChessBase"]
[SourceDate "2015.12.18"]
[SourceVersion "1"]
[SourceVersionDate "2015.12.18"]
[SourceQuality "1"]

1. e4 c5 2. Nc3 Nc6 3. Bb5 g6 4. Bxc6 dxc6 5. d3 Bg7 6. f4 c4 7. Nf3 cxd3 8. cxd3 Nf6 9. 0-0 c5 10. Ne5 0-0 11. Be3 b6 12. Qf3 Bb7 13. Rad1 Qc7 14. a4 Rad8 15. Nc4 Bc6 16. f5 Qb7 17. Qh3 Qa6 18. Ne5 Ba8 19. Bh6 c4 20. Bxg7 Kxg7 21. fxg6 hxg6 22. d4 Qa5 23. d5 Qc5+ 24. Kh1 Rh8 25. Qg3 Rh5 26. Nxf7 Kxf7 27. e5 Rdh8 28. h3 Qc7 29. e6+ 1-0

[Event "Oberliga Baden 1415"]
[Site "Baden"]
[Date "2015.02.22"]
[Round "7.3"]
[White "Genzling, Alain"]
[Black "Welz, Thomas"]
[Result "1-0"]
[WhiteElo "2380"]
[BlackElo "2176"]
[PlyCount "47"]
[EventDate "2014.09.21"]
[EventType "team-tourn"]
[EventRounds "9"]
[EventCountry "GER"]
[SourceTitle "EXT 2016"]
[Source "ChessBase"]
[SourceDate "2015.10.08"]
[SourceVersion "1"]
[SourceVersionDate "2015.10.08"]
[SourceQuality "1"]
[WhiteTeam "Baden-Baden III"]
[BlackTeam "Eppingen II"]
[WhiteTeamCountry "GER"]
[BlackTeamCountry "GER"]

1. e4 g6 2. d4 Bg7 3. Nc3 c6 4. f4 d6 5. Be3 Nf6 6. Nf3 b5 7. a3 a6 8. h3 Bb7 9. Bd3 Qc7 10. e5 Nd5 11. Nxd5 cxd5 12. e6 Nc6 13. Ng5 Nd8 14. exf7+ Kf8 15. f5 e5 16. fxe6 Qe7 17. 0-0 h6 18. Qg4 hxg5 19. Bxg5 Qxe6 20. Rae1 Be5 21. dxe5 Qxg4 22. hxg4 dxe5 23. Rxe5 Nxf7 24. Re7 1-0

[Event "Oberliga Baden 1415"]
[Site "Baden"]
[Date "2015.02.01"]
[Round "6.3"]
[White "Hirschberg, Valerian"]
[Black "Genzling, Alain"]
[Result "0-1"]
[WhiteElo "2301"]
[BlackElo "2380"]
[PlyCount "80"]
[EventDate "2014.09.21"]
[EventType "team-tourn"]
[EventRounds "9"]
[EventCountry "GER"]
[SourceTitle "EXT 2016"]
[Source "ChessBase"]
[SourceDate "2015.10.08"]
[SourceVersion "1"]
[SourceVersionDate "2015.10.08"]
[SourceQuality "1"]
[WhiteTeam "Karlsruhe"]
[BlackTeam "Baden-Baden III"]
[WhiteTeamCountry "GER"]
[BlackTeamCountry "GER"]

1. Nf3 c5 2. g3 Nc6 3. c4 g6 4. Bg2 Bg7 5. Nc3 e5 6. 0-0 Nge7 7. a3 a5 8. Ne1 d6 9. Nc2 Be6 10. Ne3 Rb8 11. Rb1 f5 12. d3 Bf7 13. Bd2 0-0 14. Qa4 Nd4 15. Rfe1 f4 16. Ned5 Nxd5 17. Nxd5 f3 18. exf3 Bxd5 19. cxd5 b5 20. Qd1 a4 21. f4 exf4 22. Bxf4 Rxf4 23. gxf4 Qh4 24. Re4 Rf8 25. h3 Rxf4 26. Rxf4 Qxf4 27. Qg4 Qxg4 28. hxg4 Nb3 29. Bf1 Bd4 30. Be2 b4 31. axb4 cxb4 32. Bd1 Nc5 33. Bc2 Kf7 34. Rd1 b3 35. Bb1 Kf6 36. Rd2 Kg5 37. Kg2 Kxg4 38. Re2 Kf4 39. f3 g5 40. Rd2 Ke3 0-1

[Event "Oberliga Baden 1415"]
[Site "Baden"]
[Date "2015.01.18"]
[Round "5.3"]
[White "Genzling, Alain"]
[Black "Zeier, Klaus"]
[Result "1-0"]
[WhiteElo "2375"]
[BlackElo "2242"]
[PlyCount "75"]
[EventDate "2014.09.21"]
[EventType "team-tourn"]
[EventRounds "9"]
[EventCountry "GER"]
[SourceTitle "EXT 2016"]
[Source "ChessBase"]
[SourceDate "2015.10.08"]
[SourceVersion "1"]
[SourceVersionDate "2015.10.08"]
[SourceQuality "1"]
[WhiteTeam "Baden-Baden III"]
[BlackTeam "Ettlingen"]
[WhiteTeamCountry "GER"]
[BlackTeamCountry "GER"]

1. d4 Nf6 2. Bg5 e6 3. e4 h6 4. Bxf6 Qxf6 5. c3 d6 6. Bd3 e5 7. Ne2 Nc6 8. 0-0 g5 9. Bb5 a6 10. Qa4 Bd7 11. d5 Nb8 12. Bxd7+ Nxd7 13. Ng3 Be7 14. Nf5 b5 15. Qc2 g4 16. a4 Rb8 17. axb5 axb5 18. Ra7 Bd8 19. Nd2 Nf8 20. c4 Nh7 21. c5 0-0 22. c6 Ng5 23. Rb7 Ra8 24. Rxb5 Qg6 25. Rb7 Kh7 26. f3 gxf3 27. Nxf3 Nh3+ 28. Kh1 Nf4 29. g3 Nh3 30. Qe2 Rg8 31. N3h4 Qf6 32. Rb3 Qg5 33. Qg2 Qg4 34. Ne3 Nf4 35. Nxg4 Nxg2 36. Rxf7+ Kh8 37. Kxg2 Rxg4 38. Kf3 1-0

[Event "Nancy-A 12th"]
[Site "Nancy"]
[Date "2014.03.06"]
[Round "4"]
[White "Sochacki, Christophe"]
[Black "Genzling, Alain"]
[Result "0-1"]
[WhiteElo "2436"]
[BlackElo "2405"]
[PlyCount "172"]
[EventDate "2014.03.05"]
[EventType "tourn"]
[EventRounds "9"]
[EventCountry "FRA"]
[EventCategory "10"]
[SourceTitle "CBM 159 Extra"]
[Source "ChessBase"]
[SourceDate "2014.04.24"]
[SourceVersion "1"]
[SourceVersionDate "2014.04.24"]
[SourceQuality "1"]

1. e4 c5 2. Nf3 Nc6 3. d4 cxd4 4. Nxd4 g6 5. Nc3 Bg7 6. Be3 Nf6 7. Bc4 Qa5 8. 0-0 0-0 9. Bb3 d6 10. h3 Bd7 11. f4 Nxd4 12. Bxd4 Bc6 13. Qe1 Qb4 14. Rd1 Nxe4 15. Qe3 Ng3 16. Qxg3 Bxd4+ 17. Kh1 Bf6 18. Rd3 a5 19. a3 Qb6 20. a4 Qd8 21. Qe3 e6 22. Rfd1 d5 23. Ne2 Qe8 24. Qb6 Bxa4 25. Qxb7 Qb5 26. Qxb5 Bxb5 27. R3d2 Bxb2 28. Rb1 Bxe2 29. Rxb2 Ba6 30. Rd1 Rfb8 31. Ra2 Rb5 32. Rda1 Bc8 33. Ba4 Rc5 34. Kg1 Rb8 35. Bb3 Ra8 36. Kf2 Bd7 37. Ke3 a4 38. Kd4 Rca5 39. c4 Kg7 40. Bc2 dxc4 41. Ra3 Bc6 42. g4 f6 43. Kxc4 Rc8 44. Kd4 Be8 45. Bd3 Rd5+ 46. Ke3 Rdc5 47. Kd2 h5 48. Re1 Bd7 49. f5 gxf5 50. gxf5 e5 51. Rg1+ Kf7 52. Bb1 Rd5+ 53. Ke3 Ke7 54. Rg7+ Kd8 55. Ba2 Rd4 56. Rg8+ Kc7 57. Rc3+ Kb7 58. Rcxc8 Bxc8 59. Be6 Bd7 60. Rg6 a3 61. Rxf6 Bxe6 62. fxe6 a2 63. Rf7+ Kb6 64. Rf1 Kc6 65. e7 Kd7 66. Rf8 Kxe7 67. Ra8 Kf6 68. Rxa2 Rh4 69. Rf2+ Kg5 70. Rg2+ Kf5 71. Rf2+ Rf4 72. Ra2 Rb4 73. Ra3 h4 74. Kf3 Rb2 75. Ra4 Rb3+ 76. Kg2 e4 77. Ra8 Rb2+ 78. Kf1 Kf4 79. Rg8 Kf3 80. Rf8+ Kg3 81. Re8 Rf2+ 82. Ke1 Rf4 83. Ke2 Kxh3 84. Ke3 Kg3 85. Rh8 Rg4 86. Ke2 Kg2 0-1

[Event "Nancy-A 12th"]
[Site "Nancy"]
[Date "2014.03.05"]
[Round "2"]
[White "Bukavshin, Ivan"]
[Black "Genzling, Alain"]
[Result "1-0"]
[WhiteElo "2593"]
[BlackElo "2405"]
[PlyCount "87"]
[EventDate "2014.03.05"]
[EventType "tourn"]
[EventRounds "9"]
[EventCountry "FRA"]
[EventCategory "10"]
[SourceTitle "CBM 159 Extra"]
[Source "ChessBase"]
[SourceDate "2014.04.24"]
[SourceVersion "1"]
[SourceVersionDate "2014.04.24"]
[SourceQuality "1"]

1. d4 Nf6 2. Nf3 e6 3. c4 Bb4+ 4. Nbd2 b6 5. a3 Bxd2+ 6. Qxd2 Bb7 7. e3 d6 8. Be2 0-0 9. 0-0 Nbd7 10. b4 Ne4 11. Qc2 f5 12. Bb2 Rf6 13. d5 Rh6 14. Rad1 c5 15. g3 exd5 16. cxd5 Rc8 17. b5 Qe7 18. Ne1 Ne5 19. f3 Nxg3 20. hxg3 Qg5 21. Kf2 Rh2+ 22. Ng2 Rh3 23. Bxe5 dxe5 24. Rh1 Qxg3+ 25. Kg1 Rxh1+ 26. Kxh1 Rd8 27. Kg1 Bc8 28. d6 Qg6 29. Qc4+ Be6 30. Qh4 Rd7 31. Kf2 Qf7 32. e4 f4 33. Qg5 Qf6 34. Qxf6 gxf6 35. Nh4 Kf8 36. Nf5 h5 37. a4 Bb3 38. Rg1 Be6 39. Rg6 Kf7 40. Rh6 Bxf5 41. exf5 Kg7 42. Rg6+ Kf7 43. Bc4+ Ke8 44. Rg8# 1-0

[Event "Oberliga Baden 1314"]
[Site "Germany"]
[Date "2014.02.23"]
[Round "7.3"]
[White "Genzling, Alain"]
[Black "Kappeler, Kaspar"]
[Result "1/2-1/2"]
[WhiteElo "2408"]
[BlackElo "2276"]
[PlyCount "62"]
[EventDate "2013.10.13"]
[EventType "team-tourn"]
[EventRounds "9"]
[EventCountry "GER"]
[SourceTitle "EXT 2015"]
[Source "ChessBase"]
[SourceDate "2014.11.20"]
[SourceVersion "1"]
[SourceVersionDate "2014.11.20"]
[SourceQuality "1"]
[WhiteTeam "Baden-Baden III"]
[BlackTeam "Dreisamtal"]
[WhiteTeamCountry "GER"]
[BlackTeamCountry "GER"]

1. e4 c5 2. Nf3 e6 3. d4 cxd4 4. Nxd4 Nc6 5. Nc3 d6 6. g3 Nf6 7. Bg2 Bd7 8. 0-0 Be7 9. Kh1 0-0 10. a4 a6 11. f4 Rc8 12. Nxc6 Bxc6 13. g4 d5 14. e5 Ne4 15. Nxe4 dxe4 16. Qe2 e3 17. Bxe3 Qc7 18. c3 Rfd8 19. Bd4 Bxg2+ 20. Qxg2 Rd5 21. Qf2 Qc6 22. Kg1 Rcd8 23. f5 Bc5 24. fxe6 Qxe6 25. Bxc5 Qxg4+ 26. Kh1 Qe4+ 27. Kg1 Qg4+ 28. Kh1 Qe4+ 29. Kg1 Qg6+ 30. Kh1 Qe4+ 31. Kg1 Qg4+ 1/2-1/2

[Event "Oberliga Baden 1314"]
[Site "Germany"]
[Date "2014.02.09"]
[Round "6.2"]
[White "Genzling, Alain"]
[Black "Hirschberg, Valerian"]
[Result "1/2-1/2"]
[WhiteElo "2408"]
[BlackElo "2305"]
[PlyCount "46"]
[EventDate "2013.10.13"]
[EventType "team-tourn"]
[EventRounds "9"]
[EventCountry "GER"]
[SourceTitle "EXT 2015"]
[Source "ChessBase"]
[SourceDate "2014.11.20"]
[SourceVersion "1"]
[SourceVersionDate "2014.11.20"]
[SourceQuality "1"]
[WhiteTeam "Baden-Baden III"]
[BlackTeam "Karlsruhe"]
[WhiteTeamCountry "GER"]
[BlackTeamCountry "GER"]

1. e4 c5 2. Nc3 Nc6 3. Bb5 Nd4 4. Bc4 Nf6 5. Nge2 e6 6. 0-0 a6 7. d3 b5 8. Bb3 Nxb3 9. axb3 Bb7 10. Bg5 d6 11. f4 b4 12. Na4 Be7 13. f5 exf5 14. Rxf5 0-0 15. Kh1 Ng4 16. Bxe7 Qxe7 17. Qg1 Bc8 18. Rf4 Rb8 19. Ng3 Qe5 20. Raf1 Bd7 21. h3 Nf6 22. Rxf6 Qxg3 23. R6f4 f6 1/2-1/2

[Event "Wasselonne op 7th"]
[Site "Wasselonne"]
[Date "2013.08.04"]
[Round "7"]
[White "Karpatchev, Aleksandr"]
[Black "Genzling, Alain"]
[Result "1-0"]
[WhiteElo "2475"]
[BlackElo "2396"]
[PlyCount "81"]
[EventDate "2013.08.01"]
[EventType "swiss"]
[EventRounds "7"]
[EventCountry "FRA"]
[SourceTitle "CBM 155 Extra"]
[Source "ChessBase"]
[SourceDate "2013.08.26"]
[SourceVersion "1"]
[SourceVersionDate "2013.08.26"]
[SourceQuality "1"]

1. e4 c5 2. c3 Nf6 3. e5 Nd5 4. Nf3 Nc6 5. Bc4 Nb6 6. Bb3 c4 7. Bc2 Qc7 8. Qe2 g5 9. Na3 g4 10. Nb5 Qb8 11. Nh4 Nxe5 12. 0-0 d6 13. Re1 a6 14. Nd4 Qc7 15. b3 e6 16. bxc4 Be7 17. c5 dxc5 18. Ndf5 Bf6 19. d4 Ng6 20. dxc5 Qxc5 21. Be3 Qc6 22. Bd4 Bxd4 23. Nxd4 Qc7 24. Nhf5 Kf8 25. Nh6 Qf4 26. Nxg4 Nd5 27. g3 Qg5 28. Qf3 Kg7 29. h4 Nxh4 30. gxh4 Qxh4 31. Nh2 Qf6 32. Qg3+ Kf8 33. Qd6+ Kg7 34. Ng4 Qg5 35. Kh1 Qf4 36. Re5 h5 37. Nh2 Qf6 38. Rg1+ Kh6 39. Rxd5 b5 40. Nf5+ Kh7 41. Ng7+ 1-0

[Event "Wasselonne op 7th"]
[Site "Wasselonne"]
[Date "2013.08.03"]
[Round "5"]
[White "Schweitzer, Viktoriya"]
[Black "Genzling, Alain"]
[Result "0-1"]
[WhiteElo "2199"]
[BlackElo "2396"]
[PlyCount "74"]
[EventDate "2013.08.01"]
[EventType "swiss"]
[EventRounds "7"]
[EventCountry "FRA"]
[SourceTitle "CBM 155 Extra"]
[Source "ChessBase"]
[SourceDate "2013.08.26"]
[SourceVersion "1"]
[SourceVersionDate "2013.08.26"]
[SourceQuality "1"]

1. e4 c5 2. Nf3 Nc6 3. Bc4 e6 4. 0-0 a6 5. Re1 Be7 6. Bd5 Na5 7. b4 cxb4 8. Bb3 Nxb3 9. cxb3 d6 10. d4 Nf6 11. Nbd2 0-0 12. Bb2 d5 13. e5 Ne8 14. Nf1 Nc7 15. Qd3 a5 16. g3 b6 17. Ne3 Ba6 18. Qd2 Nb5 19. h4 Nc3 20. Ng4 Rc8 21. Rac1 Qd7 22. Bxc3 bxc3 23. Rxc3 Rxc3 24. Qxc3 h5 25. Nf6+ gxf6 26. Qe3 Kg7 27. exf6+ Bxf6 28. Ne5 Qe7 29. f4 Rc8 30. Kh2 Rc2+ 31. Kh3 Qb4 32. Nxf7 Kxf7 33. Qxe6+ Kg7 34. Qd7+ Kh6 35. Qe8 Bc8+ 36. Re6 Bxe6+ 37. Qxe6 Qe7 0-1

[Event "Wasselonne op 7th"]
[Site "Wasselonne"]
[Date "2013.08.02"]
[Round "4"]
[White "Genzling, Alain"]
[Black "Schrems, Hermann"]
[Result "1/2-1/2"]
[WhiteElo "2396"]
[BlackElo "2148"]
[PlyCount "76"]
[EventDate "2013.08.01"]
[EventType "swiss"]
[EventRounds "7"]
[EventCountry "FRA"]
[SourceTitle "CBM 155 Extra"]
[Source "ChessBase"]
[SourceDate "2013.08.26"]
[SourceVersion "1"]
[SourceVersionDate "2013.08.26"]
[SourceQuality "1"]

1. e4 Nf6 2. e5 Nd5 3. d4 d6 4. c4 Nb6 5. exd6 exd6 6. Nc3 Be7 7. Bd3 Nc6 8. Nge2 Bg4 9. f3 Bh4+ 10. Ng3 Bd7 11. d5 Ne5 12. 0-0 Nxd3 13. Qxd3 0-0 14. b3 Qf6 15. Be3 Qg6 16. Qxg6 hxg6 17. Bd4 Nc8 18. Nge4 f5 19. Nf2 Bf6 20. Bxf6 gxf6 21. f4 a6 22. a4 Re8 23. Rfe1 Na7 24. Nd3 Rxe1+ 25. Rxe1 Re8 26. Rd1 Kf7 27. Kf2 g5 28. a5 Nc8 29. b4 Ne7 30. b5 Ng6 31. g3 Rh8 32. Kg2 Ra8 33. Ra1 Ne7 34. h4 gxh4 35. gxh4 Rg8+ 36. Kf3 Rg4 37. bxa6 bxa6 38. Nf2 Rxh4 1/2-1/2